Billy Joel Lyrics Quiz (Part 11) - Statistics

General Stats
  • This quiz has been taken 60 times
    57 since last reset
  • The average score is 139 of 283
Answer Stats
Answer % Correct
I
96%
the
89%
The
89%
in
80%
You
80%
no
78%
and
76%
me
76%
so
76%
So
76%
know,
71%
know
71%
to
71%
To
71%
it
69%
Then
69%
is
67%
For
64%
for
64%
my
64%
not
64%
don’t
62%
I’m
62%
that
62%
on
60%
time
58%
this
56%
want
56%
can’t
51%
If
51%
if
51%
just
51%
Just
51%
what
51%
But
49%
get
49%
have
49%
now
49%
of
49%
got
47%
Got
47%
how
47%
it’s
47%
right
44%
say
44%
all
42%
first
40%
good
40%
thing
40%
was
40%
woman
40%
at
38%
never
38%
girl
36%
last.
36%
life
36%
bad
33%
I’ve
33%
let
33%
make
33%
one
33%
take
33%
That’s
33%
that’s
33%
up
33%
once
31%
or
31%
out
31%
same
31%
try
31%
would
31%
mean
29%
much
29%
next
29%
ain’t
27%
believe
27%
gotta
27%
Gotta
27%
impressions
27%
afford
24%
give
24%
hope
24%
looks
24%
main
24%
somehow
24%
takes
24%
those
24%
words
24%
meet
22%
pass
22%
tonight
22%
Before
20%
comin’
20%
find
20%
Gonna
20%
might
20%
myself
20%
real
20%
strong
20%
touch
20%
chance
18%
conversation
18%
deceive
18%
mistakes
18%
together
18%
Yeah
18%
moments
16%
pull
16%
put
16%
true
16%
courage
13%
few
13%
inspiration
13%
move
13%
nerve
13%
purpose
13%
serve?
13%
suppose
13%
timing
13%
walks
13%
confessions
11%
No matching quizzes found
Score Distribution
Percent of People with Each Score
Percentile by Number Answered
Your Score History
You have not taken this quiz since the last reset